000 00988nam a2200229Ii 4500
003 JO-AjNU
008 230605s9999||||xx |||||||||||||| ||und||
017 _a2004/7/1870
020 _a9957-16-039-7
040 _aJO-AjNU
_bara
_erda
_cJO-AjNU
041 _aara
050 1 4 _aK3840.Z55.2007
100 3 _a زين الدين ، صلاح ,
_eauthor
_912684
245 0 0 _aشرح التشريعات الصناعية والتجارية : براءات الاختراع ، العلامات التجارية ، الرسوم الصناعية ، الأسماء التجارية ، النماذج الصناعية ، العناوين التجارية
250 _aط1
264 3 1 _aعمان : دار الثقافة ، 2004
300 _a319ص
336 _atext
_btxt
_2rdacontent
337 _aunmediated
_bn
_2rdamedia
338 _avolume
_bnc
_2rdacarrier
650 4 _aالتشريعات الصناعية -- قانون براءة الاختراع -- القانون التجاري
_912685
999 _aA2959
_c6527
_d6527